000 00611nam a22002417a 4500
003 UA-OsUOA
001 92963
007 ta
008 20130104b un ||||| |||| 00| 0 ukr d
100 _aБезуглов А. О.
090 _a821.161.2
_bБ40
942 _cBK
040 _aUA-OsUOA
_bukr
_cUA-OsUOA
_dUA-OsUOA
245 _aХижаки
_bроман
300 _a320 с.
955 _a3
041 _aukr
080 _a821.161.2
020 _a5-7720-0212-0
260 _aК.
_bМолодь
_c1989
650 7 _a82 Література. Літературознавство
_2UDC
999 _c378896
_d378896